Т. 75, № 3; Журнал прикладной спектроскопии

Bibliographische Detailangaben
Parent link:Журнал прикладной спектроскопии=Journal of Applied Spectroscopy: научный журнал/ Национальная Академия наук Беларуси (НАНБ, НАН Беларуси); Институт физики им. Б. И. Степанова. Т. 75, № 3.— , 1969-.— 0514-7506
Sprache:Russisch
Veröffentlicht: 2008
Format: Buch
KOHA link:https://koha.lib.tpu.ru/cgi-bin/koha/opac-detail.pl?biblionumber=406860

MARC

LEADER 00000nam2a2200000 4500
001 406860
005 20231101070608.0
035 |a (RuTPU)RU\TPU\prd\58494 
090 |a 406860 
100 |a 20080716a20089999k y0rusy50 ca 
101 0 |a rus 
102 |a BY 
200 0 |a Т. 75, № 3 
210 |d 2008 
461 1 |0 (RuTPU)RU\TPU\prd\1476  |x 0514-7506  |t Журнал прикладной спектроскопии  |l Journal of Applied Spectroscopy  |o научный журнал  |f Национальная Академия наук Беларуси (НАНБ, НАН Беларуси); Институт физики им. Б. И. Степанова  |v Т. 75, № 3  |d 1969- 
801 0 |a RU  |b 63413507  |c 20010227  |g PSBO 
801 1 |a RU  |b 63413507  |c 20080716  |g PSBO 
801 2 |a RU  |b 63413507  |c 20210202  |g RCR 
942 |c BK 
999 |a НТБ_ТПУ  |b НФ  |e -1/20080109  |p П-7971  |s 7/20070911  |u 934,60  |v 1